<The> Impact of Mineral Resources on Development in Sub-Saharan Africa

Dopad nerastných surovín v subsaharskej Afrike na index ľudského rozvoja a ekonomiku subsaharských krajín. Čím je vyšší podiel exportu nerastných surovín zo subsaharskej Afriky, tým sa index ľudského rozvoja zvyšuje v ekonomikách, závislých na exporte nerastných surovín. V ďalších ekonomikách má neg...

Descrizione completa

Salvato in:
Dettagli Bibliografici
Autore principale: Hlavová, Natália, 1991-
Natura: Capitolo di libro
Lingua:inglese
Soggetti:
Tags: Aggiungi Tag
Nessun Tag, puoi essere il primo ad aggiungerne!!

MARC

LEADER 00000naa a2200000 4500
001 0235066
005 20260209124520.4
041 0 |a eng 
044 |a RO 
245 1 0 |a <The> Impact of Mineral Resources on Development in Sub-Saharan Africa  |c Natália Hlavová 
520 |a Dopad nerastných surovín v subsaharskej Afrike na index ľudského rozvoja a ekonomiku subsaharských krajín. Čím je vyšší podiel exportu nerastných surovín zo subsaharskej Afriky, tým sa index ľudského rozvoja zvyšuje v ekonomikách, závislých na exporte nerastných surovín. V ďalších ekonomikách má negatívny dopad. 
610 2 0 |a rozvoj hospodársky 
610 2 0 |a suroviny nerastné 
610 2 0 |a index rozvoja ľudského 
610 2 0 |a Afrika 
100 1 |a Hlavová, Natália, 1991-